| 000 | 01410nam0a22002891 4500 | ||
|---|---|---|---|
| 001 | rc\2592683 | ||
| 005 | 20260406065036.0 | ||
| 035 | _a(NLR Aleph) 006756943 | ||
| 090 |
_a5803567 _c5803567 |
||
| 100 | _a20110914d1929 |||y0rusy50 ca | ||
| 101 | 0 | _arus | |
| 102 | _aRU | ||
| 105 | _ay z ||||| | ||
| 200 | 1 |
_aРыбьи тропы _eАльманах _fПод ред. Мих. Волкова _gПредисл. Михаила Пришвина _gВступ. статья Сергея Качиони |
|
| 210 |
_aМосква _cМоск. т-во писателей _dMCMXXIX [1929] _eЛенинград _gгос. тип. им. Евг. Соколовой |
||
| 215 |
_a312, [2] с., [6] с. объявл. _d21х15 см. |
||
| 300 | _aДоб. тит. лист: "Литературно-художественный рыболовный альманах. Под ред. Мих. Волкова..." | ||
| 300 | _aОбложка: Константин Казанский | ||
| 702 | 1 |
_4080 _8rus _7ca _aПришвин _bМ. М. _f1873-1954 _gМихаил Михайлович _3RU\NLR\AUTH\7724538 _97589 |
|
| 702 | 1 |
_4340 _aВолков _bМ. И. _cписатель _f1886-1946 _gМихаил Иванович _9209834 _3RU\NLR\AUTH\770209888 |
|
| 702 | 1 |
_aКачиони _bС. _gСергей _4080 |
|
| 801 | 0 |
_aRU _bNLR _gpsbo |
|
| 801 | 1 |
_aRU _bELAR _2rusmarc |
|
| 852 |
_aNLR _j73/265 |
||
| 942 | _cBOOK | ||
| 980 | _aNB | ||